On This Day: June 25th II Quiz Stats

 Plays Quiz Updated Jun 25, 2018

Score 0/7 Timer 03:00
0 Plays Today
Question Answer Wrong Answers
This English comedian and actor, who achieved mainstream fame with his BBC television series ‘The Office’, is born.
1961
Ricky Gervais
78.2%
Steve Coogan
3.5%
Steve Carell
14.5%
Hugh Laurie
3.3%
This state, nicknamed the ‘Old Dominion’, becomes the tenth to ratify the United States Constitution.
1788
Virginia
77.1%
Georgia
5.8%
Massachusetts
9.4%
Rhode Island
7.5%
Slovenia and this bordering country declare their independence from Yugoslavia.
1991
Croatia
64%
Serbia
27.7%
Austria
1.5%
Bulgaria
6%
Major General ______ is appointed commander of US forces in Europe.
1942
Dwight D. Eisenhower
60.9%
Douglas MacArthur
18%
Lyndon B. Johnson
0.9%
George S. Patton
19.8%
Shawn Carter, an American rapper from Brooklyn better known by this stage name, releases his debut studio album, ‘Reasonable Doubt’.
1996
Jay-Z
56%
Lil Wayne
9.2%
Puff Daddy
22.9%
The Notorious B.I.G.
10.8%
______ of Austria is crowned Queen of Hungary, the only female ruler of the Habsburg dominions.
1741
Maria Theresa
42.6%
Catherine II
20.8%
Jane Grey
1.6%
Wilhelmina
34.9%
Kim Campbell is sworn in as the first female Prime Minister of ______.
1993
Canada
24.4%
Ireland
9%
Australia
28.6%
New Zealand
37%

You're not logged in!

Compare scores with friends on all Sporcle quizzes.
OR
Log In

Sporcle TV

Today on Sporcle TV


Watch our educational content, quiz creation guides, and fun videos on Sporcle TV.

Show Comments

Extras

Top Quizzes Today


Score Distribution

Your Account Isn't Verified!

In order to create a playlist on Sporcle, you need to verify the email address you used during registration. Go to your Sporcle Settings to finish the process.

Report this User

Report this user for behavior that violates our Community Guidelines.

Details: